Catálogo

JUEGO SERIO : (Registro nro. 39159)

Detalles MARC
000 -LEADER
fixed length control field 01025nam a2200217 a 4500
001 - CONTROL NUMBER
control field 39159
005 - DATE AND TIME OF LATEST TRANSACTION
control field 20180714012632.0
008 - FIXED-LENGTH DATA ELEMENTS--GENERAL INFORMATION
fixed length control field 140415s2001 mx 000 0 spa d
020 ## - INTERNATIONAL STANDARD BOOK NUMBER
International Standard Book Number 9706136185
041 ## - LANGUAGE CODE
Language code of text/sound track or separate title spa
082 ## - DEWEY DECIMAL CLASSIFICATION NUMBER
Classification number 658.40352
Item number SCH
100 1# - MAIN ENTRY--PERSONAL NAME
Personal name SCHRAGE, MICHAEL
245 10 - TITLE STATEMENT
Title JUEGO SERIO :
Remainder of title COMO LAS MEJORES COMPAÑIAS USAN LA SIMULACION PARA INNOVAR
250 ## - EDITION STATEMENT
Edition statement 1a ed.
260 ## - PUBLICATION, DISTRIBUTION, ETC.
Place of publication, distribution, etc. MEXICO :
Name of publisher, distributor, etc. OXFORD UNIVERSITY PRESS MEXICO,
Date of publication, distribution, etc. 2001
300 ## - PHYSICAL DESCRIPTION
Extent 240
Dimensions x 16 x 24
520 ## - SUMMARY, ETC.
Summary, etc. HABLA ACERCA DE LA INNOVACIÓN DE LOS NEGOCIOS CON UN ESTILO EXTRAORDINARIAMENTE CLARO, AGUDO Y VERSÁTIL. - ES UN MANUAL ESTILO CÓMO-HACER PARA FORMAR Y ADMINISTRAR EMPRESAS Y PRODUCTOS SUMAMENTE INNOVADORES - SE COVERTIRA EN LECTURA OBLIGADA PARA LAS COMPAÑIAS GRANDES Y PEQUEÑAS.
650 14 - SUBJECT ADDED ENTRY--TOPICAL TERM
Topical term or geographic name entry element COMPUTADORAS
General subdivision METODOS DE SIMULACION
-- PLANEACION ADMINISTRATIVA
-- TOMA DE DECISIONES
700 1# - ADDED ENTRY--PERSONAL NAME
Personal name ENRÍQUEZ BRITO, JAVIER
Relator term tr.
740 ## - ADDED ENTRY--UNCONTROLLED RELATED/ANALYTICAL TITLE
Uncontrolled related/analytical title SERIUOS PLAY - HOW THE WORLDÅš BEST COMPANIES SIMULATE TO INNOVATE
Existencias
Withdrawn status Lost status Source of classification or shelving scheme Damaged status Not for loan Collection code Home library Current library Shelving location Date acquired Source of acquisition Inventory number Total Checkouts Full call number Barcode Date last seen Price effective from Koha item type Checked out Date last checked out
    Dewey Decimal Classification     General Biblioteca Karol Wojtyla Biblioteca Karol Wojtyla Sala general 03/12/2013 Compra 151000000000000000014065   658.40352 SCH 58852 05/01/2026 03/12/2013 Libro    
    Dewey Decimal Classification     General Biblioteca Karol Wojtyla Biblioteca Karol Wojtyla Sala general 03/12/2013 Compra 151000000000000000014066 2 658.40352 SCH 87755 25/05/2026 03/12/2013 Libro 08/06/2026 25/05/2026